• 首页
  • 本馆介绍
  • 公告通知
  • 最新文献
  • 馆藏检索
  • 电子资源
  • 读者导购
  • 参考咨询
  • 我的图书馆
  • 登录
  • 详细信息显示
  • 放入我的书架
  • 预约/预借图书
  • 作者相关作品
  • 分类相关作品
  • 丛书相关作品
  • 出版社相关作品

书目信息

  • 表格格式
  • 工作单格式
  • 卡片格式
题名:
科学研究纲领方法论
    
 
作者: 拉卡托斯 , Lakatos 著 ;兰征 译
分册:  
出版信息: 上海   上海译文出版社  1986
页数: 349页
开本: 20cm
丛书名: 二十世纪西方哲学译丛
单 册:
中图分类: N03 , B561
科图分类:
主题词: 科学方法论 , 哲学--欧洲
电子资源:
ISBN:
000 01033oam2 2200325 450
001 1536664687
005 20170926122334.34
010    @dCNY2.60
091    @a2188.28
100    @a19930715d1986 kemy0chiy0110 ea
101 1  @achi@ceng
102    @aCN@b310000
105    @ay z 000yy
200 1  @a科学研究纲领方法论@9ke xue yan jiu gang ling fang fa lun@f(英)拉卡托斯(Lakatos,I.)著@g兰征译
210    @a上海@c上海译文出版社@d1986
215    @a349页@d20cm
225 2  @a二十世纪西方哲学译丛
300    @a书名原文:The methodolgy of scientific research progammes
300    @a本书根据剑桥大学出版社1978年英文版译出
461  0 @12001 @a二十世纪西方哲学译丛
510 1  @aThe methodolgy of scientific research progammes@zeng
606 0  @a科学方法论
606 0  @a哲学@x欧洲
690    @aN03@v5
690    @aB561@v4
701  1 @c(匈)@a拉卡托斯@9la ka tuo si@c(Lakatos Imre@f1922~1974)@4著
701  1 @aLakatos@bI.@4著
702  0 @a兰征@9lan zheng@4译
801  0 @aCN@bTSSF@c20150120
905    @aZUCC@dB561@eJY16
    
    科学研究纲领方法论/(英)拉卡托斯(Lakatos,I.)著/兰征译.-上海:上海译文出版社,1986
    349页;20cm.-(二十世纪西方哲学译丛)
    书名原文:The methodolgy of scientific research progammes.-本书根据剑桥大学出版社1978年英文版译出
    
    ISBN :CNY2.60
    
●
相关链接 在E读中查询图书 在五车中查询图书 在当当中查询图书 在豆瓣中查询图书


正题名:科学研究纲领方法论     索取号:B561/JY16         预约/预借

序号 登录号 条形码 馆藏地/架位号 状态 备注
1 7836524   278365243   学院路分馆/ [索取号:B561/JY16] 在馆    
唐山师范学院图书馆 欢迎您!
大连网信软件有限公司© 版权所有